000 00515nam a2200133Ia 4500
008 220216s9999 xx 000 0 und d
100 _aHallett R M
245 0 _aEconomics of rubberwood processing in selected Asian countries
260 _bIn: Proceedings of the International Forum on Investment Opportunities in the Rubber Wood Industry, 20-22 September 1993, Kuala Lumpur, Malaysia, pp.240-253.
_c1993
650 _aRubberwood
650 _aRubberwood processing
650 _aRubberwood products
942 _cBO
999 _c48202
_d48202